000 01681nam a2200421 a 4500
999 _c131423
_d131423
003 BLK
005 20250802142440.0
008 180409b bul|||||r ||||||| ||bul||
010 _aKNG00137240000
020 _a978-954-8396-53-0
_q(твърда подв.)
020 _a978-954-8396-54-7
_q(мека подв.)
040 _aBLK
041 _aBUL
_cBUL
072 7 _2bullib
_aН85
_xДетска художествена литература Н
080 _aАмериканска литература (на САЩ)
_b821.111(73)
_x-93-32
_z821.111(73)-93-32
100 1 _aКини, Джеф
_eпърви автор
_9309890
139 _aКини, Джеф
_bК 54
245 1 0 _aДневникът на един Дръндьо : Горещници : Ч.4
_cДжеф Кини; прев. от англ. Михаил Балабанов.
257 _aUSA
260 _aСофия
_bДУО ДИЗАЙН
_c2012
300 _a218 с.
_bс ил.
_c20 см
380 _aDX
500 _aОриг. загл. Diary of a Wimpy Kid. Dog Days / Jeff Kinney. - Съдържа и за авт. Кн. 4
653 _aромани
653 _aлитература за деца
653 _aдетска литература
659 _aН
700 _aБалабанов, Михаил Петров
_eпрев. от англ.
_9443003
852 _aЦб 255103
856 4 _qpdf
_i0.00
_ldisable
856 4 _qpdf
_i0.00
_ldisable
942 _cKNG
_n0
_0382
_s1
944 _aCR
_c07.11.2008
_lИва Цветкова
_k30543
944 _aED
_c19.12.2016
_lф /
_kПенка_Димитрова
999 _d131423
999 _d131423
999 _d131423